Capitales contenant la lettre V - Statistiques

Statistiques générales
  • Ce quiz a été pris 931 fois
  • Le résultat moyen est 16 sur 24
Statistiques - réponses
Afrique % Correct
Varsovie
90%
Vilnius
87%
Vienne
85%
Vatican
84%
Vaduz
83%
Montevideo
77%
Kiev
73%
Bratislava
72%
La Valette
71%
Reykjavik
68%
Sarajevo
67%
Vientiane
67%
Andorre-la-Vieille
63%
Antananarivo
63%
La Havane
60%
Brazzaville
58%
Suva
58%
Libreville
55%
Port-Vila
55%
Victoria
53%
San Salvador
51%
Erevan
50%
Monrovia
47%
Porto-Novo
45%
Aucun quiz correspondant
Distribution des résultats
% des personnes avec chaque résultat
Percentile par nombre de réponses
Votre historique - résultats
Vous n’avez pas pris ce quiz